Introduction to Stochastic Processes with R (Record no. 541227)

000 -LEADER
fixed length control field 01748cam a2200421 i 4500
001 - CONTROL NUMBER
control field 18800902
003 - CONTROL NUMBER IDENTIFIER
control field NUST
005 - DATE AND TIME OF LATEST TRANSACTION
control field 20210112123031.0
006 - FIXED-LENGTH DATA ELEMENTS--ADDITIONAL MATERIAL CHARACTERISTICS
fixed length control field m |o d |
007 - PHYSICAL DESCRIPTION FIXED FIELD--GENERAL INFORMATION
fixed length control field cr_|||||||||||
008 - FIXED-LENGTH DATA ELEMENTS--GENERAL INFORMATION
fixed length control field 151001s2016 nju ob 001 0 eng
010 ## - LIBRARY OF CONGRESS CONTROL NUMBER
LC control number 2015037218
020 ## - INTERNATIONAL STANDARD BOOK NUMBER
International Standard Book Number 9781118740729 (pdf)
020 ## - INTERNATIONAL STANDARD BOOK NUMBER
International Standard Book Number 9781118740705 (epub)
020 ## - INTERNATIONAL STANDARD BOOK NUMBER
Canceled/invalid ISBN 9781118740651 (cloth)
038 ## - RECORD CONTENT LICENSOR
Staff Name SNS Library Staff
040 ## - CATALOGING SOURCE
Original cataloging agency DLC
Language of cataloging eng
Transcribing agency DLC
Description conventions rda
Modifying agency DLC
042 ## - AUTHENTICATION CODE
Authentication code pcc
050 00 - LIBRARY OF CONGRESS CALL NUMBER
Classification number QC20.7.S8
082 00 - DEWEY DECIMAL CLASSIFICATION NUMBER
Classification number 519 DOB 2016
Edition number 23
100 1# - MAIN ENTRY--PERSONAL NAME
Personal name Dobrow, Robert P.,
Relator term author.
9 (RLIN) 35587
245 10 - TITLE STATEMENT
Title Introduction to Stochastic Processes with R
Statement of responsibility, etc. Robert P. Dobrow.
264 #1 - PRODUCTION, PUBLICATION, DISTRIBUTION, MANUFACTURE, AND COPYRIGHT NOTICE
Place of production, publication, distribution, manufacture Hoboken, New Jersey :
Name of producer, publisher, distributor, manufacturer John Wiley & Sons,
Date of production, publication, distribution, manufacture, or copyright notice 2016.
300 ## - PHYSICAL DESCRIPTION
Extent 1 online resource.
336 ## - CONTENT TYPE
Content type term text
Source rdacontent
337 ## - MEDIA TYPE
Media type term computer
Source rdamedia
338 ## - CARRIER TYPE
Carrier type term online resource
Source rdacarrier
440 ## - SERIES STATEMENT/ADDED ENTRY--TITLE
Title Introduction to Stochastic Processes with R
9 (RLIN) 35588
504 ## - BIBLIOGRAPHY, ETC. NOTE
Bibliography, etc. note Includes bibliographical references and index.
505 0# - FORMATTED CONTENTS NOTE
Formatted contents note Markov chains : first steps -- Markov chains for the long term -- Branching processes -- Markov chain Monte Carlo -- Poisson process -- Continuous time -- Brownian motion -- A gentle introduction to stochastic calculus.
588 ## - SOURCE OF DESCRIPTION NOTE
Source of description note Description based on print version record and CIP data provided by publisher.
650 #0 - SUBJECT ADDED ENTRY--TOPICAL TERM
Topical term or geographic name entry element Stochastic processes.
9 (RLIN) 10957
650 #0 - SUBJECT ADDED ENTRY--TOPICAL TERM
Topical term or geographic name entry element R (Computer program language)
9 (RLIN) 18662
776 08 - ADDITIONAL PHYSICAL FORM ENTRY
Relationship information Print version:
Main entry heading Dobrow, Robert P., author.
Title Introduction to stochastic processes with R
Place, publisher, and date of publication Hoboken, New Jersey : John Wiley & Sons, 2016
International Standard Book Number 9781118740651
Record control number (DLC) 2015032706
906 ## - LOCAL DATA ELEMENT F, LDF (RLIN)
a 7
b cbc
c origcop
d 1
e ecip
f 20
g y-gencatlg
942 ## - ADDED ENTRY ELEMENTS (KOHA)
Source of classification or shelving scheme
Koha item type Book
Call number prefix 519 DOB 2016
Holdings
Withdrawn status Lost status Source of classification or shelving scheme Damaged status Not for loan Permanent Location Current Location Date acquired Total Checkouts Full call number Barcode Date last seen Date last checked out Price effective from Koha item type
          School of Natural Sciences (SNS) School of Natural Sciences (SNS) 10/28/2020 1 519 DOB 2016 SNS0003193 03/16/2022 10/27/2021 01/12/2021 Book
© 2023 Central Library, National University of Sciences and Technology. All Rights Reserved.